000 00618nam a2200241Ia 4500
005 20260429112307.0
008 260429s9999||||xx |||||||||||||| ||und||
020 _a9789393857033
041 _aEnglish
082 _a571.6
_bCHO
100 _aChoudhary, Lalit
245 0 _aCell biology and genetics /
_cLalit Choudhary
260 _aJaipur :
_bParadise Publishers,
_c2023.
300 _a272 p.; hb
650 _a Cytology
650 _a Genetics
650 _a Heredity
650 _a Life sciences
650 _a Molecular biology
650 _aCell biology
700 _a Sharma, Teena
942 _cTB
999 _c53352
_d53352